Central Library || Chittagong University

দর্শন ও শিক্ষা (Record no. 93884)

MARC details
000 -LEADER
fixed length control field 00872nam a2200253 a 4500
001 - CONTROL NUMBER
control field 093884
003 - CONTROL NUMBER IDENTIFIER
control field BD-ChCU
005 - DATE AND TIME OF LATEST TRANSACTION
control field 20230204170240.0
008 - FIXED-LENGTH DATA ELEMENTS--GENERAL INFORMATION
fixed length control field 1999s2016 abg b 002 ben
020 ## - INTERNATIONAL STANDARD BOOK NUMBER
International Standard Book Number ৯৭৮ ৯৮৪ ৯০৭০৫ ১ ১
040 ## - CATALOGING SOURCE
Original cataloging agency DLC
Transcribing agency DLC
Modifying agency BD-ChCU
082 00 - DEWEY DECIMAL CLASSIFICATION NUMBER
Classification number ৩৭০.১/খাতু৪দ
100 1# - MAIN ENTRY--PERSONAL NAME
Personal name খাতুন, শরিফা
Titles and words associated with a name
245 00 - TITLE STATEMENT
Title দর্শন ও শিক্ষা
Statement of responsibility, etc.
-- শরিফা খাতুন
246 00 - VARYING FORM OF TITLE
Title proper/short title Darshan o shikha
--
-- Sharifa Khatun
250 ## - EDITION STATEMENT
Edition statement ১ম সং
260 ## - PUBLICATION, DISTRIBUTION, ETC.
Place of publication, distribution, etc. ঢাকা
Date of publication, distribution, etc. মাওলা ব্রাদার্স
-- ১৯৯৯
300 ## - PHYSICAL DESCRIPTION
Extent ২১৫পৃ:
504 ## - BIBLIOGRAPHY, ETC. NOTE
Bibliography, etc. note Includes index and bibliograpy.
650 #0 - SUBJECT ADDED ENTRY--TOPICAL TERM
Topical term or geographic name entry element শিক্ষা দর্শন
Location of event শিক্ষা
650 ## - SUBJECT ADDED ENTRY--TOPICAL TERM
Topical term or geographic name entry element Sikha Darshan
700 1# - ADDED ENTRY--PERSONAL NAME
Personal name
942 ## - ADDED ENTRY ELEMENTS (KOHA)
Source of classification or shelving scheme Dewey Decimal Classification
Koha item type Books
Holdings
Withdrawn status Lost status Source of classification or shelving scheme Damaged status Not for loan Home library Current library Date acquired Source of acquisition Total Checkouts Full call number Barcode Date last seen Copy number Price effective from Koha item type Shelving location
    Dewey Decimal Classification     Chittagong University Library Chittagong University Library 11/27/2016 ক্রয়কৃত   ৩৭০.১/খাতু৪দ B৩০৭১০৩ 11/27/2016 ০১ 11/27/2016 Books  
    Dewey Decimal Classification     Chittagong University Library Chittagong University Library 11/27/2016 ক্রয়কৃত   ৩৭০.১/খাতু৪দ B৩০৭১০৪ 11/27/2016 ০২ 11/27/2016 Books  
    Dewey Decimal Classification     Chittagong University Library Chittagong University Library 04/23/2026 purchase   ৩৭০.১/খাতু৪দ 334863 04/23/2026 ক-৩ 04/23/2026 Books Arts and Humanities Reading Room
    Dewey Decimal Classification     Chittagong University Library Chittagong University Library 04/23/2026 purchase   ৩৭০.১/খাতু৪দ 334864 04/23/2026 ক-৪ 04/23/2026 Books Arts and Humanities Reading Room
    Dewey Decimal Classification     Chittagong University Library Chittagong University Library 04/23/2026 purchase   ৩৭০.১/খাতু৪দ 334865 04/23/2026 ক-৫ 04/23/2026 Books Arts and Humanities Reading Room
© Copyright 2026. Chittagong University Library, Installation and Maintenance by Prof. Dr. Md. Alamgir, 01711306253